000 01296nam a2200277 a 4500
001 26071
003 CO-ViMGA
005 20230915232145.0
008 141112s2004 ck r 000 u spa d
020 _a8485840801
035 _aAHD3974 LA
040 _aCO-ViMGA
_bspa
_cCO-ViMGA
041 _aspa
082 0 4 _a370.15 S45p1
111 _aSimposio en Conmemoración del Nacimiento de Jean Piaget y Lev S. Vigotski ( : 1996 : Girona)
_940695
245 1 0 _aPiaget y Vigotski ante el siglo XXI :
_breferentes de actualidad /
_csimposio en conmemoración del nacimiento de Jean Piaget y Lev S. Vigotski, Gerona, 1996 ; Jean Paul Bronckart ... [et al.] ; Silvia Aznar, Elisabet Serrat (coords.).
260 _aBarcelona :
_bHorsori Editorial ; Girona :
_bUniversitat de Girona,
_c2000.
300 _a130 p. : il. ; 23 cm.
490 _aCuadernos para el análisis ; 13
600 _aPiaget, Jean, 1896 - 1980 Crítica e interpretación.
_940696
650 1 4 _aTeoría del conocimiento - Congresos, conferencias, etc..
_940697
700 1 _aBronckart, J. P., 1946 -
_940698
942 _2ddc
_cBK
949 _an n
999 _c33298
_d33298